Pays du monde contenant deux I - Statistiques

Statistiques générales
  • Ce quiz a été pris 855 fois
  • Le résultat moyen est 26 sur 43
Statistiques - réponses
Pays % Correct
Chili
79%
Indonésie
78%
Italie
74%
Saint-Vincent-et-les-Grenadines
72%
République Dominicaine
71%
Saint-Christophe-et-Niévès
71%
Sainte-Lucie
70%
Arabie Saoudite
68%
Biélorussie
68%
Kiribati
68%
Guinée équatoriale
67%
Fidji
66%
Kirghizistan
66%
Lituanie
66%
Philippines
66%
République démocratique du Congo
66%
Saint-Marin
65%
Birmanie
64%
République Centrafricaine
64%
Guinée-Bissau
62%
Mauritanie
62%
Bolivie
61%
Dominique
61%
Haiti
61%
Papouasie-Nouvelle-Guinée
61%
Tunisie
61%
Malaisie
59%
Micronésie
59%
Namibie
59%
Bosnie-Herzégovine
56%
Éthiopie
56%
Tadjikistan
56%
Djibouti
55%
Émirats Arabes Unis
54%
Liechtenstein
53%
Eswatini
49%
Nigeria
49%
Trinité-et-Tobago
49%
Liberia
43%
Timor Oriental
38%
Côte d'Ivoire
30%
Sao Tomé-et-Principe
30%
Île Maurice
29%
Aucun quiz correspondant
Distribution des résultats
% des personnes avec chaque résultat
Percentile par nombre de réponses
Votre historique - résultats
Vous n’avez pas pris ce quiz